Making work pay taxation, benefits, employment and unemployment
Saved in:
| Format: | Book |
|---|---|
| Language: | English |
| Published: |
Paris
OECD
1997
|
| Series: | <The> OECD jobs strategy
|
| Subjects: | |
| Tags: |
No Tags, Be the first to tag this record!
|
MARC
| LEADER | 00000nam a2200000 4500 | ||
|---|---|---|---|
| 001 | c120046 | ||
| 005 | 20221124074802.6 | ||
| 020 | |a 92-64-15666-6 | ||
| 041 | 0 | |a eng | |
| 044 | |a FR | ||
| 245 | 1 | 0 | |a Making work pay |b taxation, benefits, employment and unemployment |
| 264 | 1 | |a Paris |b OECD |c 1997 | |
| 300 | |a 97 s. | ||
| 490 | 1 | |a <The> OECD jobs strategy | |
| 830 | 0 | |a <The> OECD jobs strategy | |
| 610 | 2 | 0 | |a platy |
| 610 | 2 | 0 | |a dane |
| 610 | 2 | 0 | |a zdaňovanie |
| 610 | 2 | 0 | |a podpory v nezamestnanosti |
| 610 | 2 | 0 | |a zamestnanosť |
| 610 | 2 | 0 | |a nezamestnanosť |
| 610 | 2 | 0 | |a mzdy |